Most Capped Footballers for Germany -- Women - Statistics

General Stats
  • This quiz has been taken 31 times
  • The average score is 3 of 15
Answer Stats
# Caps Years Answer % Correct
1 214 1994-2011 Birgit Prinz
89%
8 146 1996-2015 Nadine Angerer
57%
4 158 2004-2017 Anja Mittag
39%
12 130 2001-2011 Kerstin Garefrekes
36%
14 125 1984-2000 Martina Voss-Tecklenburg
32%
15 123 2005-2016 Melanie Behringer
21%
3 174 1996-2011 Ariane Hingst
11%
10 137 2007-2016 Annike Krahn
7%
5 154 1989-2003 Bettina Wiegmann
7%
9 144 1986-2001 Doris Fitschen
7%
2 191 1995-2009 Kerstin Stegemann
7%
6 149 1995-2008 Renate Lingor
7%
7 147 1992-2007 Sandra Minnert
7%
11 133 1995-2008 Sandra Smisek
7%
13 126 1993-2008 Silke Rottenberg
7%
No matching quizzes found
Score Distribution
Percent of People with Each Score
Percentile by Number Answered
Your Score History
You have not taken this quiz